Nationalité des joueurs ayant gagnés la Ligue des Champions - Statistiques

Statistiques générales
  • Ce quiz a été pris 167 fois
  • Le résultat moyen est 33 sur 54
Statistiques - réponses
Nombre de joueur Nationalité % Correct
80 Espagne
99%
39 France
99%
70 Angleterre
97%
74 Italie
97%
46 Portugal
97%
41 Brésil
95%
64 Allemagne
94%
12 Argentine
92%
1 Maroc
86%
2 Suisse
84%
7 Suède
83%
1 Algérie
81%
4 Belgique
81%
52 Pays-Bas
81%
1 Russie
81%
8 Irlande
80%
1 Etats-Unis
78%
4 Norvège
77%
8 Danemark
72%
26 Ecosse
72%
1 Canada
71%
8 Croatie
71%
2 Sénégal
71%
3 Uruguay
69%
4 Pologne
67%
1 Ukraine
67%
2 Autriche
65%
1 Mexique
64%
4 Pays de Galles
63%
2 Cameroun
60%
1 Egypte
60%
2 Finlande
59%
1 Hongrie
59%
2 Serbie
59%
4 Tchéquie
58%
3 Côte d'Ivoire
57%
14 Roumanie
54%
2 Australie
52%
1 Bulgarie
51%
2 Irlande du Nord
38%
1 Pérou
38%
1 Equateur
37%
2 Mali
37%
3 Ghana
36%
2 Géorgie
35%
3 Nigéria
35%
1 Bosnie-Herzégovine
33%
1 Costa Rica
33%
1 Afrique du Sud
29%
13 Yougoslavie
24%
1 Macédoine du Nord
17%
1 Saint-Marin
4%
1 Trinité-et-Tobago
2%
1 Zimbabwe
2%
Aucun quiz correspondant
Distribution des résultats
% des personnes avec chaque résultat
Percentile par nombre de réponses
Votre historique - résultats
Vous n’avez pas pris ce quiz